<?xml version="1.0" encoding="UTF-8"?>
<record
    xmlns:xsi="http://www.w3.org/2001/XMLSchema-instance"
    xsi:schemaLocation="http://www.loc.gov/MARC21/slim http://www.loc.gov/standards/marcxml/schema/MARC21slim.xsd"
    xmlns="http://www.loc.gov/MARC21/slim">

  <leader>01729cas a2200457   4500</leader>
  <controlfield tag="001">5293</controlfield>
  <controlfield tag="005">20181127175149.0</controlfield>
  <controlfield tag="008">871210d19872000txubr p       0   a0eng c</controlfield>
  <datafield tag="010" ind1=" " ind2=" ">
    <subfield code="a">sn 88010366</subfield>
  </datafield>
  <datafield tag="012" ind1=" " ind2=" ">
    <subfield code="a">-3-7-1510210048-p-----</subfield>
  </datafield>
  <datafield tag="016" ind1="7" ind2=" ">
    <subfield code="a">010463022</subfield>
    <subfield code="2">Uk</subfield>
  </datafield>
  <datafield tag="022" ind1="0" ind2=" ">
    <subfield code="a">1530-5821</subfield>
    <subfield code="l"> </subfield>
    <subfield code="y"> </subfield>
    <subfield code="2"> </subfield>
  </datafield>
  <datafield tag="037" ind1=" " ind2=" ">
    <subfield code="b">Aramco World, Box 469008, Escondido, CA 92046-9008</subfield>
  </datafield>
  <datafield tag="042" ind1=" " ind2=" ">
    <subfield code="a">pcc</subfield>
    <subfield code="a">nsdp</subfield>
  </datafield>
  <datafield tag="043" ind1=" " ind2=" ">
    <subfield code="a">aw-----</subfield>
    <subfield code="a">a-su---</subfield>
    <subfield code="a">ma-----</subfield>
  </datafield>
  <datafield tag="222" ind1=" " ind2="0">
    <subfield code="a">Aramco world</subfield>
    <subfield code="b"> </subfield>
  </datafield>
  <datafield tag="245" ind1="1" ind2="0">
    <subfield code="a">Aramco world.</subfield>
  </datafield>
  <datafield tag="246" ind1="3" ind2=" ">
    <subfield code="a">AramcoWorld</subfield>
  </datafield>
  <datafield tag="300" ind1=" " ind2=" ">
    <subfield code="a">volume  :</subfield>
    <subfield code="b">color illustrations ;</subfield>
    <subfield code="c">28 cm</subfield>
  </datafield>
  <datafield tag="310" ind1=" " ind2=" ">
    <subfield code="a">Bimonthly</subfield>
  </datafield>
  <datafield tag="500" ind1=" " ind2=" ">
    <subfield code="a">Library receives free subscription. Subscription began with  January/February 2016 issue.</subfield>
  </datafield>
  <datafield tag="500" ind1=" " ind2=" ">
    <subfield code="a">Title from cover.</subfield>
  </datafield>
  <datafield tag="530" ind1=" " ind2=" ">
    <subfield code="a">Also issued online.</subfield>
  </datafield>
  <datafield tag="650" ind1=" " ind2="0">
    <subfield code="a">Civilization, Arab</subfield>
    <subfield code="v">Periodicals.</subfield>
  </datafield>
  <datafield tag="650" ind1=" " ind2="0">
    <subfield code="a">Islamic civilization</subfield>
    <subfield code="v">Periodicals.</subfield>
  </datafield>
  <datafield tag="650" ind1=" " ind2="0">
    <subfield code="a">Petroleum industry and trade</subfield>
    <subfield code="z">Saudi Arabia</subfield>
    <subfield code="v">Periodicals.</subfield>
  </datafield>
  <datafield tag="650" ind1=" " ind2="7">
    <subfield code="a">Civilization, Arab.</subfield>
    <subfield code="2">fast</subfield>
    <subfield code="0">(OCoLC)fst00862967</subfield>
  </datafield>
  <datafield tag="650" ind1=" " ind2="7">
    <subfield code="a">Islamic civilization.</subfield>
    <subfield code="2">fast</subfield>
    <subfield code="0">(OCoLC)fst01730294</subfield>
  </datafield>
  <datafield tag="650" ind1=" " ind2="7">
    <subfield code="a">Petroleum industry and trade.</subfield>
    <subfield code="2">fast</subfield>
    <subfield code="0">(OCoLC)fst01059546</subfield>
  </datafield>
  <datafield tag="651" ind1=" " ind2="0">
    <subfield code="a">Arab countries</subfield>
    <subfield code="v">Periodicals.</subfield>
  </datafield>
  <datafield tag="651" ind1=" " ind2="0">
    <subfield code="a">Middle East</subfield>
    <subfield code="v">Periodicals.</subfield>
  </datafield>
  <datafield tag="651" ind1=" " ind2="0">
    <subfield code="a">Saudi Arabia</subfield>
    <subfield code="v">Periodicals.</subfield>
  </datafield>
  <datafield tag="651" ind1=" " ind2="7">
    <subfield code="a">Arab countries.</subfield>
    <subfield code="2">fast</subfield>
    <subfield code="0">(OCoLC)fst01240128</subfield>
  </datafield>
  <datafield tag="651" ind1=" " ind2="7">
    <subfield code="a">Middle East.</subfield>
    <subfield code="2">fast</subfield>
    <subfield code="0">(OCoLC)fst01241586</subfield>
  </datafield>
  <datafield tag="651" ind1=" " ind2="7">
    <subfield code="a">Saudi Arabia.</subfield>
    <subfield code="2">fast</subfield>
    <subfield code="0">(OCoLC)fst01210372</subfield>
  </datafield>
  <datafield tag="710" ind1="2" ind2=" ">
    <subfield code="a">Arabian American Oil Company.</subfield>
  </datafield>
  <datafield tag="710" ind1="2" ind2=" ">
    <subfield code="a">Aramco Services Company.</subfield>
  </datafield>
  <datafield tag="710" ind1="2" ind2=" ">
    <subfield code="a">Saudi Aramco.</subfield>
  </datafield>
  <datafield tag="776" ind1="0" ind2="8">
    <subfield code="i">Online version:</subfield>
    <subfield code="t">Aramco world (Washington, D.C.)</subfield>
    <subfield code="w">(OCoLC)760804632</subfield>
  </datafield>
  <datafield tag="856" ind1=" " ind2=" ">
    <subfield code="a">Back issues</subfield>
    <subfield code="u">http://archive.aramcoworld.com/index/BackIssues2010.aspx</subfield>
    <subfield code="y"></subfield>
    <subfield code="z"></subfield>
    <subfield code="3"></subfield>
  </datafield>
  <datafield tag="999" ind1=" " ind2=" ">
    <subfield code="c">4439</subfield>
    <subfield code="d">4439</subfield>
  </datafield>
  <datafield tag="952" ind1=" " ind2=" ">
    <subfield code="0">0</subfield>
    <subfield code="1">0</subfield>
    <subfield code="4">0</subfield>
    <subfield code="7">0</subfield>
    <subfield code="8">PERIODICALS</subfield>
    <subfield code="a">RTCLIB</subfield>
    <subfield code="b">RTCLIB</subfield>
    <subfield code="c">PERIODICALS</subfield>
    <subfield code="h">67 3</subfield>
    <subfield code="l">0</subfield>
    <subfield code="o">A-WORLD MAY-JUNE 2016 SERIALS</subfield>
    <subfield code="p">30008781</subfield>
    <subfield code="r">2018-11-27 00:00:00</subfield>
    <subfield code="w">2016-06-10</subfield>
    <subfield code="y">PERIODICAL</subfield>
  </datafield>
  <datafield tag="952" ind1=" " ind2=" ">
    <subfield code="0">0</subfield>
    <subfield code="1">0</subfield>
    <subfield code="4">0</subfield>
    <subfield code="7">0</subfield>
    <subfield code="8">PERIODICALS</subfield>
    <subfield code="a">RTCLIB</subfield>
    <subfield code="b">RTCLIB</subfield>
    <subfield code="c">PERIODICALS</subfield>
    <subfield code="d">2023-10-06</subfield>
    <subfield code="h">67 1</subfield>
    <subfield code="l">0</subfield>
    <subfield code="o">A-WORLD JAN-FEB 2016 SERIALS</subfield>
    <subfield code="p">30008891</subfield>
    <subfield code="r">2023-10-06 00:00:00</subfield>
    <subfield code="w">2016-04-07</subfield>
    <subfield code="y">PERIODICAL</subfield>
  </datafield>
  <datafield tag="952" ind1=" " ind2=" ">
    <subfield code="0">0</subfield>
    <subfield code="1">0</subfield>
    <subfield code="4">0</subfield>
    <subfield code="7">0</subfield>
    <subfield code="8">PERIODICALS</subfield>
    <subfield code="a">RTCLIB</subfield>
    <subfield code="b">RTCLIB</subfield>
    <subfield code="c">PERIODICALS</subfield>
    <subfield code="h">67 2</subfield>
    <subfield code="l">0</subfield>
    <subfield code="o">A-WORLD MAR-APR 2016 SERIALS</subfield>
    <subfield code="p">30009701</subfield>
    <subfield code="r">2018-11-27 00:00:00</subfield>
    <subfield code="w">2016-04-07</subfield>
    <subfield code="y">PERIODICAL</subfield>
  </datafield>
  <datafield tag="952" ind1=" " ind2=" ">
    <subfield code="0">0</subfield>
    <subfield code="1">0</subfield>
    <subfield code="4">0</subfield>
    <subfield code="7">0</subfield>
    <subfield code="8">PERIODICALS</subfield>
    <subfield code="a">RTCLIB</subfield>
    <subfield code="b">RTCLIB</subfield>
    <subfield code="c">PERIODICALS</subfield>
    <subfield code="h">67 5</subfield>
    <subfield code="l">0</subfield>
    <subfield code="o">A-WORLD SEP-OCT 2016 SERIALS</subfield>
    <subfield code="p">30008469</subfield>
    <subfield code="r">2018-11-27 00:00:00</subfield>
    <subfield code="w">2016-10-03</subfield>
    <subfield code="y">PERIODICAL</subfield>
  </datafield>
  <datafield tag="952" ind1=" " ind2=" ">
    <subfield code="0">0</subfield>
    <subfield code="1">0</subfield>
    <subfield code="4">0</subfield>
    <subfield code="7">0</subfield>
    <subfield code="8">PERIODICALS</subfield>
    <subfield code="a">RTCLIB</subfield>
    <subfield code="b">RTCLIB</subfield>
    <subfield code="c">PERIODICALS</subfield>
    <subfield code="h">67 4</subfield>
    <subfield code="l">0</subfield>
    <subfield code="o">A-WORLD JUL-AUG 2016 SERIALS</subfield>
    <subfield code="p">30009156</subfield>
    <subfield code="r">2018-11-27 00:00:00</subfield>
    <subfield code="w">2016-08-04</subfield>
    <subfield code="y">PERIODICAL</subfield>
  </datafield>
  <datafield tag="952" ind1=" " ind2=" ">
    <subfield code="0">0</subfield>
    <subfield code="1">0</subfield>
    <subfield code="4">0</subfield>
    <subfield code="7">0</subfield>
    <subfield code="8">PERIODICALS</subfield>
    <subfield code="a">RTCLIB</subfield>
    <subfield code="b">RTCLIB</subfield>
    <subfield code="c">PERIODICALS</subfield>
    <subfield code="h">67 6</subfield>
    <subfield code="l">0</subfield>
    <subfield code="o">A-WORLD NOV-DEC 2016 SERIALS</subfield>
    <subfield code="p">30009116</subfield>
    <subfield code="r">2018-11-27 00:00:00</subfield>
    <subfield code="w">2016-12-19</subfield>
    <subfield code="y">PERIODICAL</subfield>
  </datafield>
  <datafield tag="952" ind1=" " ind2=" ">
    <subfield code="0">0</subfield>
    <subfield code="1">0</subfield>
    <subfield code="4">0</subfield>
    <subfield code="7">0</subfield>
    <subfield code="8">PERIODICALS</subfield>
    <subfield code="a">RTCLIB</subfield>
    <subfield code="b">RTCLIB</subfield>
    <subfield code="c">PERIODICALS</subfield>
    <subfield code="h">68 1</subfield>
    <subfield code="l">0</subfield>
    <subfield code="o">A-WORLD JAN-FEB 2017 SERIALS</subfield>
    <subfield code="p">30008104</subfield>
    <subfield code="r">2018-11-27 00:00:00</subfield>
    <subfield code="w">2017-02-19</subfield>
    <subfield code="y">PERIODICAL</subfield>
  </datafield>
  <datafield tag="952" ind1=" " ind2=" ">
    <subfield code="0">0</subfield>
    <subfield code="1">0</subfield>
    <subfield code="4">0</subfield>
    <subfield code="7">0</subfield>
    <subfield code="8">PERIODICALS</subfield>
    <subfield code="a">RTCLIB</subfield>
    <subfield code="b">RTCLIB</subfield>
    <subfield code="c">PERIODICALS</subfield>
    <subfield code="h">68 2</subfield>
    <subfield code="l">0</subfield>
    <subfield code="o">A-WORLD MAR-APR 2017 SERIALS</subfield>
    <subfield code="p">30010095</subfield>
    <subfield code="r">2018-11-27 00:00:00</subfield>
    <subfield code="w">2017-03-30</subfield>
    <subfield code="y">PERIODICAL</subfield>
  </datafield>
  <datafield tag="952" ind1=" " ind2=" ">
    <subfield code="0">0</subfield>
    <subfield code="1">0</subfield>
    <subfield code="4">0</subfield>
    <subfield code="7">0</subfield>
    <subfield code="8">PERIODICALS</subfield>
    <subfield code="a">RTCLIB</subfield>
    <subfield code="b">RTCLIB</subfield>
    <subfield code="c">PERIODICALS</subfield>
    <subfield code="h">68 3</subfield>
    <subfield code="l">0</subfield>
    <subfield code="o">A-WORLD MAY-JUNE 2017 SERIALS</subfield>
    <subfield code="p">30010088</subfield>
    <subfield code="r">2019-05-22 00:00:00</subfield>
    <subfield code="w">2017-06-02</subfield>
    <subfield code="y">PERIODICAL</subfield>
  </datafield>
  <datafield tag="952" ind1=" " ind2=" ">
    <subfield code="0">0</subfield>
    <subfield code="1">0</subfield>
    <subfield code="4">0</subfield>
    <subfield code="7">0</subfield>
    <subfield code="8">PERIODICALS</subfield>
    <subfield code="a">RTCLIB</subfield>
    <subfield code="b">RTCLIB</subfield>
    <subfield code="c">PERIODICALS</subfield>
    <subfield code="h">68 4</subfield>
    <subfield code="l">0</subfield>
    <subfield code="o">A-WORLD JUL-AUG 2017 SERIALS</subfield>
    <subfield code="p">30010288</subfield>
    <subfield code="r">2018-11-27 00:00:00</subfield>
    <subfield code="w">2017-08-01</subfield>
    <subfield code="y">PERIODICAL</subfield>
  </datafield>
  <datafield tag="952" ind1=" " ind2=" ">
    <subfield code="0">0</subfield>
    <subfield code="1">0</subfield>
    <subfield code="4">0</subfield>
    <subfield code="7">0</subfield>
    <subfield code="8">PERIODICALS</subfield>
    <subfield code="a">RTCLIB</subfield>
    <subfield code="b">RTCLIB</subfield>
    <subfield code="c">PERIODICALS</subfield>
    <subfield code="h">68 5</subfield>
    <subfield code="l">0</subfield>
    <subfield code="o">A-WORLD SEPT-OCT 2017 SERIALS</subfield>
    <subfield code="p">30011000</subfield>
    <subfield code="r">2018-11-27 00:00:00</subfield>
    <subfield code="w">2017-10-11</subfield>
    <subfield code="y">PERIODICAL</subfield>
  </datafield>
  <datafield tag="952" ind1=" " ind2=" ">
    <subfield code="0">0</subfield>
    <subfield code="1">0</subfield>
    <subfield code="4">0</subfield>
    <subfield code="7">0</subfield>
    <subfield code="8">PERIODICALS</subfield>
    <subfield code="a">RTCLIB</subfield>
    <subfield code="b">RTCLIB</subfield>
    <subfield code="c">PERIODICALS</subfield>
    <subfield code="h">68 6</subfield>
    <subfield code="l">0</subfield>
    <subfield code="o">A-WORLD NOV-DEC 2017 SERIALS</subfield>
    <subfield code="p">30012273</subfield>
    <subfield code="r">2018-11-27 00:00:00</subfield>
    <subfield code="w">2018-11-27</subfield>
    <subfield code="y">PERIODICAL</subfield>
  </datafield>
  <datafield tag="952" ind1=" " ind2=" ">
    <subfield code="0">0</subfield>
    <subfield code="1">0</subfield>
    <subfield code="4">0</subfield>
    <subfield code="7">0</subfield>
    <subfield code="8">PERIODICALS</subfield>
    <subfield code="a">RTCLIB</subfield>
    <subfield code="b">RTCLIB</subfield>
    <subfield code="c">PERIODICALS</subfield>
    <subfield code="h">69 1</subfield>
    <subfield code="l">0</subfield>
    <subfield code="o">A-WORLD JAN-FEB 2018  SERIALS</subfield>
    <subfield code="p">30012206</subfield>
    <subfield code="r">2018-11-27 00:00:00</subfield>
    <subfield code="w">2018-11-27</subfield>
    <subfield code="y">PERIODICAL</subfield>
  </datafield>
  <datafield tag="952" ind1=" " ind2=" ">
    <subfield code="0">0</subfield>
    <subfield code="1">0</subfield>
    <subfield code="4">0</subfield>
    <subfield code="7">0</subfield>
    <subfield code="8">PERIODICALS</subfield>
    <subfield code="a">RTCLIB</subfield>
    <subfield code="b">RTCLIB</subfield>
    <subfield code="c">PERIODICALS</subfield>
    <subfield code="h">69 3</subfield>
    <subfield code="l">0</subfield>
    <subfield code="o">A-WORLD MAY-JUNE 2018  SERIALS</subfield>
    <subfield code="p">30012741</subfield>
    <subfield code="r">2018-11-27 00:00:00</subfield>
    <subfield code="w">2018-06-04</subfield>
    <subfield code="y">PERIODICAL</subfield>
  </datafield>
  <datafield tag="952" ind1=" " ind2=" ">
    <subfield code="0">0</subfield>
    <subfield code="1">0</subfield>
    <subfield code="4">0</subfield>
    <subfield code="7">0</subfield>
    <subfield code="8">PERIODICALS</subfield>
    <subfield code="a">RTCLIB</subfield>
    <subfield code="b">RTCLIB</subfield>
    <subfield code="c">PERIODICALS</subfield>
    <subfield code="h">69 2</subfield>
    <subfield code="l">0</subfield>
    <subfield code="o">A-WORLD MAR-APR 2018  SERIALS</subfield>
    <subfield code="p">30012562</subfield>
    <subfield code="r">2018-11-27 00:00:00</subfield>
    <subfield code="w">2018-11-27</subfield>
    <subfield code="y">PERIODICAL</subfield>
  </datafield>
  <datafield tag="952" ind1=" " ind2=" ">
    <subfield code="0">0</subfield>
    <subfield code="1">0</subfield>
    <subfield code="2">ddc</subfield>
    <subfield code="4">0</subfield>
    <subfield code="7">0</subfield>
    <subfield code="8">PERIODICALS</subfield>
    <subfield code="a">RTCLIB</subfield>
    <subfield code="b">RTCLIB</subfield>
    <subfield code="c">PERIODICALS</subfield>
    <subfield code="h">68 3</subfield>
    <subfield code="l">0</subfield>
    <subfield code="o">A-WORLD MAY-JUNE 2016  </subfield>
    <subfield code="p">13626</subfield>
    <subfield code="r">2018-11-27 00:00:00</subfield>
    <subfield code="w">2018-04-10</subfield>
    <subfield code="y">PERIODICAL</subfield>
  </datafield>
  <datafield tag="952" ind1=" " ind2=" ">
    <subfield code="0">0</subfield>
    <subfield code="1">0</subfield>
    <subfield code="4">0</subfield>
    <subfield code="7">0</subfield>
    <subfield code="8">Periodicals</subfield>
    <subfield code="a">RTCLIB</subfield>
    <subfield code="b">RTCLIB</subfield>
    <subfield code="c">Periodicals</subfield>
    <subfield code="h">69 5</subfield>
    <subfield code="l">0</subfield>
    <subfield code="o">A-WORLD SEP-OCT 20168 Serials</subfield>
    <subfield code="p">30013271</subfield>
    <subfield code="r">2018-11-27 00:00:00</subfield>
    <subfield code="w">2018-10-02</subfield>
    <subfield code="y">Periodical</subfield>
  </datafield>
  <datafield tag="952" ind1=" " ind2=" ">
    <subfield code="0">0</subfield>
    <subfield code="1">0</subfield>
    <subfield code="4">0</subfield>
    <subfield code="7">0</subfield>
    <subfield code="8">PERIODICALS</subfield>
    <subfield code="a">RTCLIB</subfield>
    <subfield code="b">RTCLIB</subfield>
    <subfield code="c">PERIODICALS</subfield>
    <subfield code="h">69 4</subfield>
    <subfield code="l">0</subfield>
    <subfield code="o">A-WORLD JULY-AUGUST 2018  SERIALS</subfield>
    <subfield code="p">30013545</subfield>
    <subfield code="r">2018-11-27 00:00:00</subfield>
    <subfield code="w">2018-11-27</subfield>
    <subfield code="y">PERIODICAL</subfield>
  </datafield>
  <datafield tag="952" ind1=" " ind2=" ">
    <subfield code="0">0</subfield>
    <subfield code="1">0</subfield>
    <subfield code="2">ddc</subfield>
    <subfield code="4">0</subfield>
    <subfield code="7">0</subfield>
    <subfield code="8">PERIODICALS</subfield>
    <subfield code="a">RTCLIB</subfield>
    <subfield code="b">RTCLIB</subfield>
    <subfield code="c">PERIODICALS</subfield>
    <subfield code="d">2019-01-10</subfield>
    <subfield code="h">69 6</subfield>
    <subfield code="l">0</subfield>
    <subfield code="o">A-World Nov-Dec 2018 SERIALS</subfield>
    <subfield code="p">30013698</subfield>
    <subfield code="r">2019-01-10 00:00:00</subfield>
    <subfield code="w">2019-01-10</subfield>
    <subfield code="y">PERIODICAL</subfield>
  </datafield>
  <datafield tag="952" ind1=" " ind2=" ">
    <subfield code="0">0</subfield>
    <subfield code="1">0</subfield>
    <subfield code="2">ddc</subfield>
    <subfield code="4">0</subfield>
    <subfield code="7">0</subfield>
    <subfield code="8">PERIODICALS</subfield>
    <subfield code="a">RTCLIB</subfield>
    <subfield code="b">RTCLIB</subfield>
    <subfield code="c">PERIODICALS</subfield>
    <subfield code="d">2019-02-28</subfield>
    <subfield code="h">70 1</subfield>
    <subfield code="l">0</subfield>
    <subfield code="o">A-WORLD JAN-FEB 2019 SERIALS</subfield>
    <subfield code="p">30013025</subfield>
    <subfield code="r">2019-02-28 00:00:00</subfield>
    <subfield code="w">2019-02-28</subfield>
    <subfield code="y">PERIODICAL</subfield>
  </datafield>
  <datafield tag="952" ind1=" " ind2=" ">
    <subfield code="0">0</subfield>
    <subfield code="1">0</subfield>
    <subfield code="2">ddc</subfield>
    <subfield code="4">0</subfield>
    <subfield code="7">0</subfield>
    <subfield code="8">PERIODICALS</subfield>
    <subfield code="a">RTCLIB</subfield>
    <subfield code="b">RTCLIB</subfield>
    <subfield code="c">PERIODICALS</subfield>
    <subfield code="d">2019-05-24</subfield>
    <subfield code="h">70 3</subfield>
    <subfield code="l">0</subfield>
    <subfield code="o">A-WORLD MAY-JUNE 2019 SERIALS</subfield>
    <subfield code="p">30008119</subfield>
    <subfield code="r">2019-05-24 00:00:00</subfield>
    <subfield code="w">2019-05-24</subfield>
    <subfield code="y">PERIODICAL</subfield>
  </datafield>
  <datafield tag="952" ind1=" " ind2=" ">
    <subfield code="0">0</subfield>
    <subfield code="1">0</subfield>
    <subfield code="2">ddc</subfield>
    <subfield code="4">0</subfield>
    <subfield code="7">0</subfield>
    <subfield code="8">PERIODICALS</subfield>
    <subfield code="a">RTCLIB</subfield>
    <subfield code="b">RTCLIB</subfield>
    <subfield code="c">PERIODICALS</subfield>
    <subfield code="d">2019-08-08</subfield>
    <subfield code="h">70 4</subfield>
    <subfield code="l">0</subfield>
    <subfield code="o">A-WORLD JULY-AUGUST 2019 SERIALS</subfield>
    <subfield code="p">30014796</subfield>
    <subfield code="r">2019-08-08 00:00:00</subfield>
    <subfield code="w">2019-08-08</subfield>
    <subfield code="y">PERIODICAL</subfield>
  </datafield>
  <datafield tag="952" ind1=" " ind2=" ">
    <subfield code="0">0</subfield>
    <subfield code="1">0</subfield>
    <subfield code="2">ddc</subfield>
    <subfield code="4">0</subfield>
    <subfield code="7">0</subfield>
    <subfield code="8">PERIODICALS</subfield>
    <subfield code="a">RTCLIB</subfield>
    <subfield code="b">RTCLIB</subfield>
    <subfield code="c">PERIODICALS</subfield>
    <subfield code="d">2019-10-21</subfield>
    <subfield code="h">70 5</subfield>
    <subfield code="l">0</subfield>
    <subfield code="o">A-World Sept-Oct 2019 SERIALS</subfield>
    <subfield code="p">30014469</subfield>
    <subfield code="r">2019-10-21 00:00:00</subfield>
    <subfield code="w">2019-10-21</subfield>
    <subfield code="y">PERIODICAL</subfield>
  </datafield>
  <datafield tag="952" ind1=" " ind2=" ">
    <subfield code="0">0</subfield>
    <subfield code="1">0</subfield>
    <subfield code="2">ddc</subfield>
    <subfield code="4">0</subfield>
    <subfield code="7">0</subfield>
    <subfield code="8">PERIODICALS</subfield>
    <subfield code="a">RTCLIB</subfield>
    <subfield code="b">RTCLIB</subfield>
    <subfield code="c">PERIODICALS</subfield>
    <subfield code="d">2019-12-23</subfield>
    <subfield code="h">70 6</subfield>
    <subfield code="l">0</subfield>
    <subfield code="o">A-World Nov-Dec 2019 SERIALS</subfield>
    <subfield code="p">30014445</subfield>
    <subfield code="r">2019-12-23 00:00:00</subfield>
    <subfield code="w">2019-12-23</subfield>
    <subfield code="y">PERIODICAL</subfield>
  </datafield>
  <datafield tag="952" ind1=" " ind2=" ">
    <subfield code="0">0</subfield>
    <subfield code="1">0</subfield>
    <subfield code="2">ddc</subfield>
    <subfield code="4">0</subfield>
    <subfield code="7">0</subfield>
    <subfield code="8">PERIODICALS</subfield>
    <subfield code="a">RTCLIB</subfield>
    <subfield code="b">RTCLIB</subfield>
    <subfield code="c">PERIODICALS</subfield>
    <subfield code="d">2020-02-27</subfield>
    <subfield code="h">71 1</subfield>
    <subfield code="l">0</subfield>
    <subfield code="o">A-World Jan-Feb 2020 SERIALS</subfield>
    <subfield code="p">30014623</subfield>
    <subfield code="r">2020-02-27 00:00:00</subfield>
    <subfield code="w">2020-02-27</subfield>
    <subfield code="y">PERIODICAL</subfield>
  </datafield>
  <datafield tag="952" ind1=" " ind2=" ">
    <subfield code="0">0</subfield>
    <subfield code="1">0</subfield>
    <subfield code="2">ddc</subfield>
    <subfield code="4">0</subfield>
    <subfield code="7">0</subfield>
    <subfield code="8">PERIODICALS</subfield>
    <subfield code="a">RTCLIB</subfield>
    <subfield code="b">RTCLIB</subfield>
    <subfield code="c">PERIODICALS</subfield>
    <subfield code="d">2020-10-06</subfield>
    <subfield code="h">71 3</subfield>
    <subfield code="l">0</subfield>
    <subfield code="o">A-World May-June 2020 SERIALS</subfield>
    <subfield code="p">30014616</subfield>
    <subfield code="r">2020-10-06 00:00:00</subfield>
    <subfield code="w">2020-10-06</subfield>
    <subfield code="y">PERIODICAL</subfield>
  </datafield>
  <datafield tag="952" ind1=" " ind2=" ">
    <subfield code="0">0</subfield>
    <subfield code="1">0</subfield>
    <subfield code="2">ddc</subfield>
    <subfield code="4">0</subfield>
    <subfield code="7">0</subfield>
    <subfield code="8">PERIODICALS</subfield>
    <subfield code="a">RTCLIB</subfield>
    <subfield code="b">RTCLIB</subfield>
    <subfield code="c">PERIODICALS</subfield>
    <subfield code="d">2020-10-06</subfield>
    <subfield code="h">71 2</subfield>
    <subfield code="l">0</subfield>
    <subfield code="o">A-World March-April 2020 SERIALS</subfield>
    <subfield code="p">30014455</subfield>
    <subfield code="r">2020-10-06 00:00:00</subfield>
    <subfield code="w">2020-10-06</subfield>
    <subfield code="y">PERIODICAL</subfield>
  </datafield>
  <datafield tag="952" ind1=" " ind2=" ">
    <subfield code="0">0</subfield>
    <subfield code="1">0</subfield>
    <subfield code="2">ddc</subfield>
    <subfield code="4">0</subfield>
    <subfield code="7">0</subfield>
    <subfield code="8">PERIODICALS</subfield>
    <subfield code="a">RTCLIB</subfield>
    <subfield code="b">RTCLIB</subfield>
    <subfield code="c">PERIODICALS</subfield>
    <subfield code="d">2020-10-07</subfield>
    <subfield code="h">71 4</subfield>
    <subfield code="l">0</subfield>
    <subfield code="o">A-World July-August 2020 SERIALS</subfield>
    <subfield code="p">30014666</subfield>
    <subfield code="r">2020-10-07 00:00:00</subfield>
    <subfield code="w">2020-10-07</subfield>
    <subfield code="y">PERIODICAL</subfield>
  </datafield>
</record>
